LEADER 00870nab a2200169 i 4500 001 000000262203 003 CaOOAMICUS 005 20050718000000.0 008 050718n xx uu u0 0und r 013 $a3420 040 $aSeMil$bita 245 10$aParroci e Animatori Laici :$binsieme per rinnovare la Parrocchia /$cMissione Chiesa-Mondo. - Programma del Corso di formazione, Fiuggi 11-13 novembre 2004. 500 $a[pieghevole allegato]. 700 1 $aCorso di Formazione «Insieme per rinnovare la parocchia : Parroci e Animatori Laici» <2004 ; Fiuggi>.$0(OLS)http://semarc/name/83688 700 1 $aCentro Missione Chiesa-Mondo .$0(OLS)http://semarc/name/83687 773 0 $t[2004 : Luglio-Dicembre].$dBologna : Centro Editoriale Dehoniano, 2004.$w()138645 996 $6245$aParroci e Animatori Laici :$binsieme per rinnovare la Parrocchia$9(OLS)http://semarc/title/355680 LEADER 01402nam a2200301 i 4500 001 000000229966 003 CaOOAMICUS 005 20220118083820.0 008 140522s2013 it u000 u ita u 013 $a208868 020 $a978-88-10-41016-5 040 $aSeMil$bita 100 1 $aRigato, Maria Luisa <1934- >.$0(OLS)http://semarc/name/47376 245 12$aI genitori di Gesł :$buna rilettura di Matteo e Luca /$cMaria Luisa Rigato. 260 $aBologna :$bEDB,$c2013. 300 $a155 p. ;$c21 cm. 490 0 $aStudi biblici ;$v65 650 4$aBibbia. Nuovo Testamento. Vangelo secondo Luca - Commentari, studi, critica, interpretazioni.$0(OLS)http://semarc/subject/142 650 4$aBibbia. Nuovo Testamento. Vangelo secondo Matteo - Commentari, studi, critica, interpretazioni.$0(OLS)http://semarc/subject/32 650 4$aGesł Cristo - Parenti.$0(OLS)http://semarc/subject/41358 830 0$aStudi biblici ;$v65.$0(OLS)http://semarc/title/438659 850 $aSeMil 852 $aSeMil$W1$xVenegono$y1$m2YA V 65$j264426$B180312$CSeMilBibl$Z2$F191352 $81 961 $aAcquisto: LI.CO.SA 996 $6020$a978-88-10-41016-5$9(OLS)http://semarc/number/232636 996 $6245$aI genitori di Gesł :$buna rilettura di Matteo e Luca$9(OLS)http://semarc/title/328777 996 $6260$aBologna :$bEDB$9(OLS)http://semarc/publisher/29669